| 000 | 00463nam a2200169Ia 4500 | ||
|---|---|---|---|
| 005 | 20250508155403.0 | ||
| 008 | 008 250505s9999 xx 000 0 hin d | ||
| 037 | _aBooks to be hide in OPAC | ||
| 040 |
_aFEDL _beng _cFEDL |
||
| 041 |
_ahin _2hin |
||
| 084 |
_a551.59, VID/O _qFEDL |
||
| 245 | 0 | _aMausam ki kahani | |
| 260 |
_aDelhi, India _bRajpal and Sons _c1953 |
||
| 300 | _a117p | ||
| 942 |
_cHB _h551.59, VID/O |
||
| 999 |
_c1356393 _d1356393 |
||